000 00606cam a2200193 i 4500
005 20251230100237.0
008 250721s2003 jo gr 000 0 ara d
082 1 4 _a218.32
_bع ب د
100 1 _aعبد المنان، عكاشة
_eمؤلف.
245 1 0 _aمفاتيح الفرج /
_cعكاشة عبد المنان.
250 _aالطبعة الأولى.
264 3 1 _aعمان :
_c2003.
300 _a78 صفحة.
650 1 7 _aالإسلام.
650 1 7 _aالعقيدة الدينية.
650 1 7 _aالشريعة الإسلامية.
942 _2ddc
_cBK
999 _c85304
_d85304